000 01306nam a2200361 4500
001 0000023729
003 CO-CtgCURN
005 20250331185207.0
007 ta
008 160627s2011 000 0 eng d
020 _a9786077743248
040 _aCO-CtgCURN
_bspa
_ccoctgcurn
082 0 _a616.5
_bM188
100 1 _aMagaña García, Mario.
245 1 0 _aDermatología /
_cMario Magaña García, Mario Magaña Lozano, colaboracion Jorge Cazarin Barrientos, prologo Ruy Pérez Tamayo.
250 _a2a ed.
260 _aMexico :
_bMedica Panamericana,
_c2011.
300 _axv, 419 p.
336 _2rdacontent
337 _2rdamedia
_asin mediacion
_bn
338 _2rdacarrier
_avolumen
_bnc
504 _aIncluye indice.
505 8 _aConceptos basicos -- Enfermedades de causa conocida -- Enfermedades de causa no precisada
650 1 4 _aDermatología.
700 1 _aMagaña Lozano, Mario.
908 _a160627
942 _cBK
_h616.5
_iM188
_2ddc
999 _c22521
_d22521